000 00497nam a2200193Ia 4500
005 20240823030947.0
008 240823s9999||||xx |||||||||||||| ||und||
020 _a978-81-315-1171-8
041 _aENGLISH
082 _A621.395 Q1
100 _aManjita Srivastava et al.
245 0 _aDigital Design HDL-Based Approach
250 _a1st
260 _c2011
_bCengage Learning
_aNew Delhi
500 _aTRANSFERED
650 _aDigital Design
_bElectronics
942 _cBK
999 _c189941
_d189941